| 000 | 01558namaa2200349 i 4500 | ||
|---|---|---|---|
| 003 | EG-GICUC | ||
| 005 | 20260303135801.0 | ||
| 008 | 260303s2000 su |||jr|||| 001 0 ara d | ||
| 017 |
_a21 / 0255 _bمكتبة الملك فهد الوطنية (السعودية) |
||
| 020 | _a9960858006 | ||
| 040 |
_aEG-GiCUC _bara _cEG-GiCUC _dEG-GiCUC _erda |
||
| 082 | 0 | 4 |
_221 _a232.2 _bA326 |
| 092 | 0 | 4 |
_221 _a232.2 _bA326 |
| 099 | _a232.2 A326 2000 | ||
| 100 | 1 |
_aالالبانى، محمد ناصر الدين _eمؤلف. |
|
| 245 | 1 |
_aصحيح سنن أبى داود : _bللإمام الحافظ سليمان بن الأشعت السجستانى / _cتأليف محمد ناصر الدين الألبانى. |
|
| 250 | _aالطبعة الثانية | ||
| 264 |
_aالرياض (السعودية) : _bمكتبة المعارف للنشر والتوزيع، _c2000. |
||
| 300 |
_a3 مجلد؛ _c25 سم _bإيضاحيات، صور، مثيليات ؛ Illustrations |
||
| 336 |
_2rdacontent _atext |
||
| 337 |
_2rdamedia _aUnmediated |
||
| 338 |
_2rdacarrier _avolume |
||
| 504 | _aيشتمل على فهارس. | ||
| 541 |
_aد. جابر عصفور ؛ _bالقاهرة ؛ _cإهداء ؛ _d2024. |
||
| 650 | 1 | 7 |
_aالحديث _xالاسناد الصحيح _2qrmak |
| 650 | 1 | 7 |
_aالحديث _xسنن ابى داود _2qrmak |
| 651 | 1 | _2qrmak | |
| 700 | 0 |
_aابى داود اسليمان بن الاشعث السجيتانى _d817 or 818-889 _910647 |
|
| 700 | 1 |
_aالالبانى، محمد ناصر الدين _94308 |
|
| 905 | _aAya | ||
| 942 |
_2ddc _cBK _e21 _n0 |
||
| 999 |
_c178848 _d178848 |
||